Minimización del impuesto y responsabilidad social corporativa [Texto impreso]. (Record no. 111813)

MARC details
000 -LEADER
campo de control de longitud fija 00574cam a2200217M 4500
001 - NÚMERO DE CONTROL
campo de control 90042
005 - FECHA Y HORA DE LA ÚLTIMA TRANSACCIÓN
campo de control 20230411090048.0
008 - DATOS DE LONGITUD FIJA--INFORMACIÓN GENERAL
campo de control de longitud fija 090722nuuuuuuuusp 000 0 spa d
035 ## - NÚMERO DE CONTROL DEL SISTEMA
Número de control de sistema (OCoLC)ocn434764128
040 ## - FUENTE DE CATALOGACIÓN
Centro catalogador/agencia de origen BNM
Lengua de catalogación spa
Centro/agencia transcriptor BNM
Centro/agencia modificador OCLCQ
015 ## - NÚMERO DE BIBLIOGRAFÍA NACIONAL
Número de bibliografía nacional MON09
017 ## - NÚMERO DE COPYRIGHT O DE DEPÓSITO LEGAL
Número de copyright o de depósito legal B 29196-2009
020 ## - NÚMERO INTERNACIONAL ESTÁNDAR DEL LIBRO
ISBN cancelado o inválido 9788493340057
035 ## - NÚMERO DE CONTROL DEL SISTEMA
Número de control de sistema (OCoLC)434764128
049 ## - FONDOS LOCALES (OCLC)
Biblioteca depositaria GRAL
245 00 - MENCIÓN DEL TÍTULO
Título Minimización del impuesto y responsabilidad social corporativa [Texto impreso].
500 ## - NOTA GENERAL
Nota general Información provisional.
942 ## - ELEMENTOS DE ENTRADA SECUNDARIOS (KOHA)
Fuente del sistema de clasificación o colocación Clasificación de Library of Congress
Tipo de ítem Koha
994 ## -
-- C0
-- DRFGD
946 ## - PROCESAMIENTO DE INFORMACIÓN LOCAL (OCLC)
a web
Holdings
Estatus retirado Estado de pérdida Fuente del sistema de clasificación o colocación Estado de daño No para préstamo Colección Biblioteca de origen Biblioteca actual Ubicación en estantería Fecha de adquisición Código de barras Visto por última vez Copia número Tipo de ítem Koha
    Clasificación de Library of Congress     Automatización y Procesos Técnicos Biblioteca Juan Bosch Biblioteca Juan Bosch Automatización y Procesos Técnicos (1er. Piso) 11/04/2023 00000077875 17/02/2019 1